Statistics for FIFA 18 Top 10 Center Attacking Midfielders

Click here to take the quiz!

General Stats

  • This quiz has been taken 175 times
  • The average score is 6 of 10

Answer Stats

RankPlayerOVA% Correct
1Kevin De Bruyne89
81%
3Mesut Özil88
73%
5David Silva87
66%
7Isco86
62%
2Paulo Dybala88
61%
6James Rodriguez86
53%
9Dele Alli84
49%
4Christian Eriksen87
47%
10Juan Mata84
41%
8Marco Asensio84
34%

Score Distribution

Percentile by Number Answered

Percent of People with Each Score

Your Score History

You have not taken this quiz